000 00511 a2200193 4500
999 _c11957
_d11957
003 OSt
005 20231116173051.0
008 231116b ||||| |||| 00| 0 eng d
020 _a9789953591490
040 _aBMSCA
041 _aeng
082 _a720.9
_bFAD
100 _aMoukanzah,Fadi jamil El
245 _aLeaders Of International Architects Vol. 1 (Price Printed)
260 _bUniversal
_aSaudi Arabia
300 _bXI,392p.:
_c23cm
650 _2Leaders Of International Architects
942 _2ddc